=LDR 00000nam 2200000 4500 =001 INLIS000000000039025 =005 20130612144700 =008 ***********************************Ind** =035 ##$$0010-061300000039025 =041 ##$$a Ind =082 ##$$a 910.202 =090 ##$$a 910.202, Bak e =100 ##$$a Bakti, Ali K =245 ##$$a Education panduan wisata keluarga cerdas /Ali K Bakti,Muslik Nawita, Ahmad Ruhiyat =260 ##$$a 2010 $b Jakarta =300 ##$$a 113 hlm./, ilus., 18 cm =650 ##$$a Pariwisata - Buku Petunjuk =700 ##$$a Nawita, Musleh =850 ##$$a NBPNMAT =990 ##$$a 2090101456/BPAP-NTB/2015